000 00356nam a2200133Ia 4500
008 240624s9999 xx 000 0 und d
041 _aeng
082 _a519.3 ALI
100 _aALIPRANTIS CHARALAMBOS D
245 _aGAMES AND DECISION MAKING
260 _c2000
_aNew York
_bOxford University press
300 _axi, : 257 : p. : cm. ; 23
365 _cRS
_b35
999 _c5832
_d5832